000
00299nam a22001337a 4500
008
170308b xxu||||| |||| 00| 0 eng d
020
_a
9781416028840
041
_a
eng
080
_2
3 ED
_a
611
100
_a
3 ED
101
_a
SHM
245
_a
HUMAN BODY HEALTH ILLNES
_c
HERLIHY.B
942
_2
udc
_c
BK
999
_c
7205
_d
7205